Ordinary Differential Equations and Stability Theory An Introduction (Record no. 530906)

000 -LEADER
fixed length control field 00385nam a2200133Ia 4500
008 - FIXED-LENGTH DATA ELEMENTS--GENERAL INFORMATION
fixed length control field 191014s9999 xx 000 0 und d
020 ## - INTERNATIONAL STANDARD BOOK NUMBER
International Standard Book Number LC 68-14226
082 ## - DEWEY DECIMAL CLASSIFICATION NUMBER
Classification number 515.35
Author Mark SAN
100 ## - MAIN ENTRY--PERSONAL NAME
Personal name David A. Sanchez
9 (RLIN) 20334
245 #0 - TITLE STATEMENT
Title Ordinary Differential Equations and Stability Theory An Introduction
260 ## - PUBLICATION, DISTRIBUTION, ETC.
Place of publication, distribution, etc. USA
Name of publisher, distributor, etc. W.H.Freeman And Company
Date of publication, distribution, etc. 1968
300 ## - PHYSICAL DESCRIPTION
Extent Vi,164
942 ## - ADDED ENTRY ELEMENTS (KOHA)
Koha item type Book
Holdings
Withdrawn status Lost status Damaged status Not for loan Permanent Location Current Location Date acquired Source of acquisition Cost, normal purchase price Total Checkouts Full call number Barcode Date last seen Price effective from Koha item type
        School of Natural Sciences (SNS) School of Natural Sciences (SNS) 10/15/2019 Donation 0.00   515.35SAN SNS0002683 10/15/2019 10/15/2019 Book
© 2023 Central Library, National University of Sciences and Technology. All Rights Reserved.